01711njm a2200325Ia 450000100060000000300090000600500170001500800410003204000130007304000130008604100130009910000100011210000180012210000380014024500540017825000110023226000110024326000370025430000100029150000390030150504210034051100410076165000500080270000850085270000610093770000890099870001050108770000890119270001040128123937IT-RoPAU20220918181155.0131025s9999 xx 000 0 und d aIT-RoPAU cIT-RoPAU aITALIANO aAA.VV eAutore musica gCodice autore musica SPICS: 12000 aCoro "Stella Alpina" di Somma Lombardo (Lp 22001) a1a ed. aMILANO bCOMBO RECORDc1967 [1a Ed.:1967] aDISCO aCanti popolari. Canti patriottici. aLa villanella (arm. B. Gorla) - Sul ponte di Perati (arm. B. Gorla) - La violetta (arm. B. Gorla) - Di là di là dal piave (arm. B. Gorla) - Al comando dei nostri ufficiali (arm. B. Gorla) - Il 29 luglio (arm. B. Gorla) - O Angiolina (arm. B. Gorla) - Vinassa, vinassa (arm. B. Gorla) - La tradotta (arm. B. Gorla) - La domenica andando alla messa (arm. B. Gorla) - Canta lo sciatore - Inno degli alpini sciatori aCoro Stella Alpina di Somma Lombardo aPOPOLARE [DISCHI]eCodice MATERIA SPICS: 9950 aCoro Stella Alpina di Somma LombardodCodice interprete SPICS: 14064eInterprete aAnonimodCodice autore musica SPICS: 2620eAutore musica aCherubini BixiodCodice autore musica SPICS: 13442eAutore musicapCanta lo sciatore aBixio Cesare AndreadCodice autore testo/musica SPICS: 13441eAutore testo/musicapCanta lo sciatore aVeninidCodice autore musica SPICS: 14203eAutore musicapInno degli alpini sciatori aBaravalledCodice autore testo/musica SPICS: 14204eAutore testo/musicapInno degli alpini sciatori